000 00320nam a2200133 i 4500
001 bg
100 1 _aTARSKI, Mateusz
245 0 _aOpis programu Quattro Pro wersja 4.0 /
_cM. Tarski.
260 _aWarszawa :
_bExit,
_c1992.
040 _cBPK
041 _apol
942 _cKS
008 s pl f |000 0 pol
999 _c5541
_d5541
856 _uhttp://koha.tu.koszalin.pl/cgi-bin/koha/opac-detail.pl?biblionumber=5541
_yKatalog online BPK